The Greatest Showman - A Million Dreams Lyric - Statistics

General Stats
  • This quiz has been taken 1,075 times
  • The average score is 318 of 365
Answer Stats
Answer % Correct
a
99%
A
99%
I
99%
i
99%
The
99%
the
99%
my
97%
see
97%
dreams
96%
me
96%
million
96%
world
96%
can
95%
and
94%
be
94%
for
94%
For
94%
That
94%
that
94%
eyes
93%
it
93%
We
93%
we
93%
all
92%
close
92%
in
92%
On
92%
where
91%
every
90%
Every
90%
gonna
90%
is
90%
make
90%
one
90%
call
89%
night
89%
of
89%
head
88%
They
88%
they
88%
bed
87%
say
87%
so
87%
take
87%
waiting
87%
lie
86%
we're
86%
are
85%
crazy
85%
don't
85%
fill
85%
it's
85%
keeping
85%
awake
84%
brightest
84%
care
84%
mind
84%
you
84%
You
84%
could
83%
lost
83%
sounds
83%
up
83%
vision
83%
what
83%
own
81%
design
80%
live
80%
no
80%
that's
80%
think
80%
Through
80%
home
79%
to
79%
To
79%
been
78%
before
78%
I've
78%
colours
77%
dark
77%
'Cause
76%
like
76%
feels
74%
one's
74%
door
73%
But
72%
With
71%
with
71%
there
68%
us
67%
day
66%
your
66%
big
65%
small
65%
if
64%
our
64%
part
64%
However
63%
however
63%
Let
63%
away
62%
we've
62%
Oh
61%
Share
61%
things
61%
build
60%
rainy
60%
smile
60%
house
59%
minds
59%
may
58%
right
58%
room
58%
wrong
58%
far
57%
from
57%
inside
57%
Each
56%
filled
54%
special
53%
There's
53%
along
51%
bring
50%
you'll
47%
compile
41%
Runaway
32%
No matching quizzes found
Score Distribution
Percent of People with Each Score
Percentile by Number Answered
Your Score History
You have not taken this quiz